1343 1901 1550 1553 1535 1958 1009 1174 1863 1871 1376 1338 1680 1713 1211 1900 1692 1663 1699 1782 1531 1887 1779 1442 1758 1760 1531 1297 1881 1579 1204 1645 1280 1136 1524 1213 1657 1595 1161 1076 1349 1052 1935 1091 1358 1907 1149 1458 1860 1409 1513 1438 1722 1606 1070 1802 1518 1300 1203 1267 1062 1124 1725 1642 1177 1968 1673 1861 1439 1278 1149 1929 1935 1119 1621 1699 1560 1897 1406 1869 1589 1274 1242 1657 1602 1191 1014 1417 1349 1086 1924 1654 1609 1768 1088 1599 1472 1940 1007 BCNSPRNW ULIB Ver.6.0+V

เปลี่ยนเป็นภาษาไทย

Change to English
 แสดงรายละเอียดบรรณานุกรม
  กลับหน้าหลัก

Brief Record : Get Marc (ISO 2709) : E-mail record : QR code < ปิดหน้าต่าง
LEADER : 00000nam 2200000uu 4500
001    13399123366
003     ULIB
008    140827s2538||||th 000 0 tha d
099    วจ WB425^bช149ผ
100 0  ชนาพร หยีวิยม
245 00 ผลของการดูแลตนเองด้วยการออกกำลังกายเพื่อลดระดับความดันโลหิตและระดับคอเลสเตอรอลของหญิงสูงอายุ/^cชนาพร หยีวิยม
260    นนทบุรี:^bกองสาธารณสุขภูมิภาค กระทรวงสาธารณสุข,^c2538
300    80 หน้า
650  0 การออกกำลังกาย^xหญิงสูงอายุ
650  0 ระดับความดันโลหิต
650  0 ระดับคอลเลสเตอรอล
945    ^p0^l0^i017912
999    ^aเกษร โพธิ์สุวรรณ
รายการนี้ยังไม่มีแท็ก
คุณยังไม่ได้ล็อกอิน คุณสามารถมีกิจกรรมร่วมกับเว็บไซต์ได้ แต่ต้องล็อกอินก่อน ::
  ล็อกอิน

รายการสื่อสารสนเทศ

ลำดับที่ ประเภท เลขเรียก/บาร์โค้ด สถานที่ สถานะ
1. งานวิจัย
งานวิจัย
วจ WB425 ช149ผ ฉ.1 
  Barcode: 017912
ห้องสมุดวิทยาเขตสวรรค์ประชารักษ์
►วิจัย
บนชั้น

BibComment


ยังไม่เคยถูกคอมเมนท์

คอมเมนท์ทรัพยากรรายการนี้
  คอมเมนท์: ผลของการดูแลตนเอง..


 Copyright 2026. Bcnsprnw @Library